000 00754nam a22001815i 4500
001 163229
003 ES-MaACL
005 20230906212710.0
008 990308s1894 sp |||| | spa d
040 _aCCPB | B
_bspa
_cCCPB | B
245 0 0 _aRelación de los expositores españoles premiados en la Exposición Universal de Chicago de 1893 /
_cpublicado por la Comisión General de España.
260 _aMadrid :
_b[s.n.],
_c1894 (
_fImprenta de Ricardo de Rojas)
300 _aXV, 818 p. ;
_c24 cm.
597 1 _aPort. a dos tintas.
711 2 1 _aExposición Universal.
_eComisión General de España (
_d1893).
_cChicago)
_9135145
711 0 _aWorld's Columbian Exposition (
_d1893.
_cChicago)
_9135144
852 _aES-MaACL
_jG-1476
_z-- Enc. hol.
999 _c163229
_d163229